Stranger Things - Personnages par images - Statistiques

Statistiques générales
  • Ce quiz a été pris 392 fois
  • Le résultat moyen est 14 sur 16
Statistiques - réponses
Par images Réponse % Correct
Dustin Henderson
98%
Eleven
96%
Max Mayfield
96%
Mike Wheeler
96%
Will Byers
96%
Lucas Sinclair
95%
Steve Harrington
95%
Nancy Wheeler
94%
Erica Sinclair
93%
Jonathan Byers
93%
Joyce Byers
92%
Robin Buckley
89%
Eddie Munson
87%
Jim Hopper
86%
Holly Wheeler
76%
Docteur Martin Brenner
66%
Aucun quiz correspondant
Distribution des résultats
% des personnes avec chaque résultat
Percentile par nombre de réponses
Votre historique - résultats
Vous n’avez pas pris ce quiz